000 01313cam a22003614a 4500
001 15884588
003 OSt
005 20150408113957.0
008 111213s2010 enka b 001 0 eng
010 _a 2009935888
015 _aGBA994081
_2bnb
016 7 _a015380171
_2Uk
020 _a9780199299782 (cased)
020 _a0199299781 (cased)
020 _a9780199202683 (pbk.)
020 _a0199202680 (pbk.)
035 _a(OCoLC)ocn437305846
040 _aUKM
_cUKM
_dBTCTA
_dBWKUK
_dBWK
_dYDXCP
_dCDX
_dDLC
042 _aukblcatcopy
_alccopycat
082 0 4 _a425.9 C A E
_222
100 1 _aCarstairs-McCarthy, Andrew,
_d1945-
_97869
245 1 4 _aThe evolution of morphology /
_cAndrew Carstairs-McCarthy.
260 _aOxford :
_bOxford University Press,
_c2010.
300 _axii, 253 p. :
_bill. ;
_c24 cm.
440 0 _aOxford linguistics
490 0 _aStudies in the evolution of language ; 14
504 _aIncludes bibliographical references (p. [236]-247) and index.
650 0 _aGrammar, Comparative and general
_xMorphosyntax.
_97870
650 0 _aHistorical linguistics.
906 _a7
_bcbc
_ccopycat
_d2
_encip
_f20
_gy-gencatlg
942 _2ddc
_cDVD
999 _c19584
_d254084